000
00334nam a2200133Ia 4500
008
100328s9999 xx 000 0 und d
082
_b
44941
100
_a
इनामदार ना.स.
245
_a
झेप
260
_b
कॉन्टीनेन्टल
630
_a
झेप
730
_a
झेप
942
_c
BOOK
999
_c
533150
_d
533147